000 00527nam a22001937a 4500
003 LK-CoMWRAF
005 20240226154533.0
008 240226b |||||||| |||| 00| 0 eng d
040 _aLK-CoMWRAF
_dLK-CoMWRAF
_eLK-CoMWRAF
041 _aeng
082 _a391
_bFOX
100 _aFox, Ruth Gerlarie
245 _aThe wonderful world of clothes
260 _aNew York:
_bRobert Hall clothes,
_c1963
300 _a40 p. : col. ill. ; 28 cm.
650 _aCLOTHING AND DRESS
700 _aHoluber, Oldrich
_eills.
942 _cBK
999 _c4821
_d4821